Aprender, sí. Pero cómo?
Uloženo v:
| Hlavní autor: | |
|---|---|
| Médium: | Kniha |
| Jazyk: | španělština |
| Vydáno: |
Barcelona
Octaedro
1992
|
| Vydání: | 1a. ed |
| Edice: | Recursos, O
|
| Témata: | |
| Tagy: |
Přidat tag
Žádné tagy, Buďte první, kdo vytvoří štítek k tomuto záznamu!
|
MARC
| LEADER | 00000nam a2200000 a 4500 | ||
|---|---|---|---|
| 001 | UCH6524 | ||
| 003 | CL-VaPUC | ||
| 008 | 091109e19920000SP |||||||||||||||||spa|d | ||
| 020 | |a 8480630035 | ||
| 082 | 0 | 4 | |a 370.15 |b MEI |2 21 |
| 100 | |a Meirieu, Philippe |e autor |9 584331 | ||
| 245 | 1 | 0 | |a Aprender, sí. Pero cómo? |
| 250 | |a 1a. ed | ||
| 300 | |a 213 p | ||
| 942 | |c BK | ||
| 945 | |d 20091109 00:00:00 |a ccalabra | ||
| 260 | |a Barcelona |b Octaedro |c 1992 | ||
| 650 | 0 | |a Educación |9 258661 | |
| 650 | 0 | |a Aprendizaje |9 254827 | |
| 650 | 0 | |a Psicología del aprendizaje |9 306854 | |
| 650 | 0 | |a Psicología educacional |9 307830 | |
| 650 | 7 | |a METODOS EDUCATIVOS |2 CL-VaPUC |9 327403 | |
| 650 | 0 | |a Métodos de enseñanza |9 270413 | |
| 583 | |a last modification |c 20091109 00:00:00 |k Rodrigo Vera | ||
| 490 | 0 | |a Recursos, O | |
| 999 | |c 337398 |d 337396 | ||